| 000 | 00938nam a2200301 a 4500 | ||
|---|---|---|---|
| 001 | 000108561 | ||
| 003 | CHAP | ||
| 005 | 20220329144017.0 | ||
| 008 | 140224s2013 it adj |r| ||||||fre d | ||
| 010 | _a105023 | ||
| 011 | _a105995 | ||
| 020 | _a9789252073048 | ||
| 040 | _cCHAP | ||
| 082 | 0 | 4 |
_a628.1 _bF34f v.38 |
| 245 | 1 | 0 |
_aFeire face à la pénurie d'eau : _bun cadre d'action pour l'agriculture et la sécurité alimentaire / _cpor FAO. |
| 260 |
_aRoma : _bFAO, _c2013. |
||
| 300 |
_axvi, 78 p. : _bgráfs., diags., tabs. |
||
| 490 | 1 |
_aInforme sobre temas hídricos _v; 38 |
|
| 590 |
_aE5995AHE _b05 _c20140224 _lUCH01 _h1416 |
||
| 650 | 1 | 4 |
_aAguacate _xAlmacenamiento. _92491 |
| 650 | 1 | 4 |
_aDisponibilidad del agua. _9125389 |
| 650 | 1 | 4 |
_aOrdenación de aguas. _983422 |
| 650 | 1 | 4 |
_aSeguridad alimentaria. _9103673 |
| 830 | 0 |
_aInforme sobre temas hídricos _v; 38 _9125590 |
|
| 901 | _aBK | ||
| 942 | _cLIBRO | ||
| 942 | _n0 | ||
| 999 |
_c105023 _d105023 |
||